MESTSKÁ KNIŽNICA GIRALTOVCE  - online katalóg 

Požehnaný domov (Record no. 23621)

000 -NÁVESTIE
fixed length control field 00729nam a2200265 a 4500
001 - EVIDENČNÉ ČÍSLO ZÁZNAMU - Kontrolné číslo
control field vtls000287861
005 - DÁTUM A ČAS POSLEDNEJ TRANSAKCIE
control field 20241016113256.0
008 - ÚDAJE S PEVNOU DĹŽKOU – VŠEOBECNÉ INFORMÁCIE
fixed length control field 020212s2001 xo a 000 p slo c
020 ## - MEDZINÁRODNÉ ŠTANDARDNÉ ČÍSLO KNIHY (ISBN)
Medzinárodné štandardné číslo knihy (ISBN) 8080611262 (viaz.)
035 ## - Iný štandardný identifikátor
Iný štandardný identifikátor UKB000302262
040 ## - ZDROJ KATALOGIZÁCIE
Pôvodná katalogizujúca agentúra BAA001
Jazyk katalogizácie slo
Prepisujúca agentúra BAA001
Konvencie popisu AACR2
041 1# - KÓD JAZYKA
Kód jazyka textu/zvukovej stopy alebo samostatných nápisov slo
044 ## - KÓD KRAJINY VYDAVATEĽA/PRODUCENTA
Kód krajiny MARC xo
Kód krajiny ISO SK
080 ## - ČÍSLO MEDZINÁRODNÉHO DESATINNÉHO TRIEDENIA (MDT)
Číslo Medzinárodného desatinného triedenia (MDT) 885.4-1
100 1# - OSOBNÉ MENÁ – VŠEOBECNÉ INFORMÁCIE
Osobné meno Stanislav, Pavol,
Dátumy súvisiace s menom 1943-
-- 4021
245 00 - NÁZOV
Názov Požehnaný domov
Údaj o zodpovednosti atď. Pavol Stanislav
250 ## - ÚDAJ O PORADÍ VYDANIA
Údaj o poradí vydania 1. vyd
260 ## - VYDAVATEĽSKÉ ÚDAJE, DISTRIBÚCIA ATĎ.
Miesto publikovania, distribúcie atď. Bratislava
Názov vydavateľa, distibútora atď. Vydavateľstvo Spolku slovenských spisovateľov
Dátum publikovania, distribúcie atď. 2001
300 ## - FYZICKÝ POPIS
Rozsah 60 s
490 1# - EDÍCIA
Edícia Poézia
500 ## - VŠEOBECNÁ POZNÁMKA
Formátovaná poznámka o obsahu Frontsp
650 07 - PRIDANÝ VSTUP – PREDMET – TEMATICKÉ HESLO
Tematické heslo alebo geografický názov ako vstupný prvok literatúra slovenská
Všeobecný pododdiel poézia
-- 4001
650 07 - PRIDANÝ VSTUP – PREDMET – TEMATICKÉ HESLO
Tematické heslo alebo geografický názov ako vstupný prvok poézia slovenská
-- 4002
653 ## - INDEXAČNÝ TERMÍN – VOĽNÉ INDEXOVANIE
Neriadený termín 885.4-1
Holdings
Stav stiahnutia (Blokovanie) (Withrawn status) Stav straty Zdroj klasifikácie pre skladovanie Stav poškodenia (Damaged status) Nie pre výpožičky (Not for loan) Spôsob nadobudnutia (Collection code) Trvalé umiestnenie Aktuálne umiestnenie Dátum nadobudnutia Inventárne číslo (prírastkové číslo) Full call number Čiarový kód Dátum posledného výskytu Cena s účinnosťou od Typ jednotky Koha
          Kúpa Mestská knižnica Giraltovce Mestská knižnica Giraltovce 2024-10-16 21950 B10691 B10691 2024-10-16 2024-10-16 Krásna literatúra pre dospelých

Powered by Koha